000 00916nam a2200289Ia 4500
001 Z_5518
003 CHAP
008 220113s1996 xx 000 0 und d
010 _a168608
040 _cCHAP
090 _aTesis V 1075
100 _aVaquero Bautista, Samuel
_9117907
245 _aEfecto de niveles de bicarbonato de sodio y DL-Metionina en la alimentación de gallinas de segundo ciclo de postura /
_cSamuel Vaquero Bautista
260 _aChapingo, Méx. :
_bEl autor,
_c1996
300 _a44 h.
502 _aTesis (Ing. Agr. Esp. en Zootecnia) -- UACH. Departamento de Zootecnia
650 _aAves de corral
_xAlimentación
_98638
650 _aBicarbonato de sodio en nutrición animal
_912604
650 _aGallinas
_xNutrición
_944443
650 _aHuevos
_xAnálisis
_956739
901 _aTESIS V 1075
902 _aM
910 _a1996
942 _c2
942 _c2
999 _c168608
_d168608